|
|
|
|
| LEADER |
00000nab a2200000 a 4500 |
| 001 |
vtls000479250 |
| 003 |
SK-MaSNL |
| 005 |
20260303005628.0 |
| 008 |
120927c1993 xo 0 slo |
| 015 |
|
|
|a SNBRB19rr/mm-uuuuu
|
| 035 |
|
|
|a CL0479385
|
| 040 |
|
|
|a SNKBUCL
|b slo
|c SNKBUCL
|e AACR2
|
| 041 |
0 |
|
|a slo
|
| 044 |
|
|
|a xo
|c SK
|
| 080 |
|
|
|a 791.43.091.4
|2 1981
|
| 100 |
1 |
|
|a Procházka, Miro
|4 aut
|9 279244
|
| 245 |
1 |
0 |
|a Festival Modrých sŕdc
|b Zázračná malá krajina alebo otázniky o filme na rieke Saar
|c Miro Procházka
|
| 300 |
|
|
|b Obr. 7
|
| 650 |
0 |
7 |
|a Festival Modrých sŕdc 1993, Saarbrücken (festival filmový)
|2 snkbucl
|9 986009
|
| 655 |
|
7 |
|a články z novín a časopisov
|2 snkbucl
|9 267496
|
| 773 |
0 |
|
|t Smena na nedeľu
|g Roč. 27, č. 8 (1993), s. 7
|
| 850 |
|
|
|a Slovenská národná knižnica v Martine
|a MTA001
|
| 852 |
|
|
|a SNK
|b KIS3GCP
|
| 958 |
|
|
|a RK
|
| 992 |
|
|
|a RBX
|
| 999 |
|
|
|c 1583513
|d 1585443
|